000 00573nam a2200181Ia 4500
005 20250423095706.0
008 250422s9999 xx 000 0 und d
020 _a9781869140199
050 _aRA 643.86.S6.J44/
100 _aEdited by Jeff Gow and Chris Desmond.
245 0 _aImpacts and interventions : the HIV/AIDS epidemic and the children of South Africa
260 _aSouth Africa
260 _bPietermaritzburg
260 _c2002
300 _a211 p
650 _aAIDS (Disease) in children--South Africa. Children--Diseases--South Africa.
942 _cBK
999 _c31043
_d31043